[Event "Kingston Invitational Swiss"]
[Site "Kingston-upon-Thames"]
[Date "2025.08.15"]
[Round "7.18"]
[White "Keane, Graham D J"]
[Black "Pirgon, Joshua"]
[Result "1/2-1/2"]
[WhiteElo "2146"]
[BlackElo "1849"]
[PlyCount "75"]
[EventDate "2025.08.12"]
[EventType "swiss"]
[EventRounds "9"]
[EventCountry "ENG"]

1. d4 Nf6 2. Nc3 d5 3. Bf4 a6 4. e3 e6 5. a3 Bd6 6. Bg3 O-O 7. Nf3 Ne4 8. Nxe4 dxe4 9. Nd2 f5 10. f3 Qg5 11. f4 Qf6 12. Bc4 b5 13. Ba2 c5 14. c3 Nc6 15. dxc5 Bxc5 16. Qe2 Bb7 17. O-O Rfd8 18. Nb3 Bb6 19. Nd4 Nxd4 20. cxd4 Rdc8 21. Be1 Bd5 22. Bc3 Qe7 23. Rfc1 Qd7 24. Rc2 Rc7 25. Bxd5 Qxd5 26. Rac1 Rac8 27. h3 a5 28. Be1 Qb3 29. Rc3 Rxc3 30. Rxc3 Rxc3 31. Bxc3 g6 32. Qd2 Kg7 33. Kh2 h6 34. Qe1 Bd8 35. Qd2 Bb6 36. Qe2 h5 37. Qd2 Bc7 38. Bxa5 1/2-1/2

[Event "Kingston Invitational Swiss"]
[Site "Kingston-upon-Thames"]
[Date "2025.08.15"]
[Round "7.19"]
[White "Hughes, Anthony"]
[Black "Frostick, Clive A"]
[Result "0-1"]
[WhiteElo "1930"]
[BlackElo "2095"]
[PlyCount "128"]
[EventDate "2025.08.12"]
[EventType "swiss"]
[EventRounds "9"]
[EventCountry "ENG"]

1. c4 e5 2. Nc3 Nf6 3. g3 d5 4. cxd5 Nxd5 5. Bg2 Nb6 6. e3 Be7 7. Nge2 O-O 8. O-O c6 9. f4 exf4 10. Nxf4 N8d7 11. d4 Nf6 12. e4 Bg4 13. Qd3 Qd7 14. h3 Be6 15. b3 Rad8 16. Be3 Rfe8 17. Rad1 Bb4 18. Nce2 Qc7 19. g4 Bc8 20. g5 Nfd7 21. Qc2 Nf8 22. Ng3 Ng6 23. Qf2 Qe7 24. Nd3 Bd6 25. Nf5 Bxf5 26. Qxf5 Nh4 27. Qg4 Nxg2 28. Qxg2 Qxe4 29. Qxe4 Rxe4 30. Bf2 Nd5 31. Rfe1 Rde8 32. Ne5 Rxe1+ 33. Rxe1 Nf4 34. h4 a6 35. Kf1 f6 36. gxf6 gxf6 37. Ng4 Rxe1+ 38. Bxe1 Kf7 39. Ne3 Ke6 40. Ba5 h5 41. Bd8 b5 42. a4 Ng6 43. axb5 axb5 44. Ng2 Bg3 45. Ke2 Nxh4 46. d5+ cxd5 47. Ne3 Nf5 48. Nc2 Bd6 49. Kf3 Bc5 50. Ne1 Nd4+ 51. Kg3 Nxb3 52. Nd3 Bd6+ 53. Kh4 Nc5 54. Ne1 b4 55. Nf3 Be5 56. Nd2 b3 57. Kxh5 Kf5 58. Kh4 Bc3 59. Nb1 Ne4 60. Kh3 Bb4 61. Kg2 Nd2 62. Be7 Nxb1 63. Bxb4 d4 64. Kf3 b2 0-1

[Event "Kingston Invitational Swiss"]
[Site "Kingston-upon-Thames"]
[Date "2025.08.15"]
[Round "7.20"]
[White "Kumar, Arnav"]
[Black "Andal, Edmond"]
[Result "1/2-1/2"]
[WhiteElo "1814"]
[BlackElo "2011"]
[PlyCount "33"]
[EventDate "2025.08.12"]
[EventType "swiss"]
[EventRounds "9"]
[EventCountry "ENG"]

1. e4 c5 2. Nf3 e6 3. d4 cxd4 4. Nxd4 a6 5. c4 Nf6 6. Nc3 Bb4 7. Qd3 Qc7 8. Be2 Nc6 9. Nxc6 dxc6 10. O-O Bd6 11. f4 e5 12. f5 Bc5+ 13. Kh1 b5 14. Qg3 Kf8 15. Qf3 h5 16. Be3 Be7 17. a3 1/2-1/2

[Event "Kingston Invitational Swiss"]
[Site "Kingston-upon-Thames"]
[Date "2025.08.15"]
[Round "7.21"]
[White "Eames, Robert S"]
[Black "Razhnou, Lev"]
[Result "1-0"]
[WhiteElo "2136"]
[BlackElo "1821"]
[PlyCount "83"]
[EventDate "2025.08.12"]
[EventType "swiss"]
[EventRounds "9"]
[EventCountry "ENG"]

1. e4 c5 2. Nf3 Nc6 3. d4 cxd4 4. Nxd4 e5 5. Nb5 Nf6 6. N1c3 a6 7. Nd6+ Bxd6 8. Qxd6 Qe7 9. Qd1 h6 10. g4 Qb4 11. a3 Qb6 12. Rg1 Nd4 13. Bd3 d6 14. h4 Be6 15. Be3 Bxg4 16. Rxg4 Nxg4 17. Bxd4 exd4 18. Nd5 Qxb2 19. Rb1 Qa2 20. Nc7+ Ke7 21. Nxa8 Rxa8 22. Rxb7+ Kf8 23. Qxg4 Re8 24. Qf5 Kg8 25. Kf1 Rf8 26. h5 Qa1+ 27. Kg2 Qc1 28. e5 Qg5+ 29. Qxg5 hxg5 30. exd6 Rd8 31. Bf5 g6 32. hxg6 fxg6 33. Be6+ Kh8 34. d7 Kg7 35. Rc7 Kf6 36. Bg4 Ke7 37. Rc8 a5 38. a4 d3 39. cxd3 Rg8 40. Rxg8 Kf7 41. Re8 Kg7 42. d8=Q 1-0

[Event "Kingston Invitational Swiss"]
[Site "Kingston-upon-Thames"]
[Date "2025.08.15"]
[Round "7.22"]
[White "Waddington, Mike P"]
[Black "Keen, Maya"]
[Result "1-0"]
[WhiteElo "2034"]
[BlackElo "1805"]
[PlyCount "43"]
[EventDate "2025.08.12"]
[EventType "swiss"]
[EventRounds "9"]
[EventCountry "ENG"]

1. e4 c5 2. Nc3 Nc6 3. f4 g6 4. Nf3 Bg7 5. Bb5 Nd4 6. O-O Nxb5 7. Nxb5 a6 8. Nc3 e6 9. d3 d6 10. Qe1 b5 11. f5 b4 12. Nd1 Nf6 13. Bg5 O-O 14. Ne3 Qb6 15. Nc4 Qc7 16. Qh4 Qd8 17. Ne3 h5 18. g4 Kh7 19. gxh5 gxh5 20. Ng4 exf5 21. Nxf6+ Bxf6 22. Bxf6 1-0

[Event "Kingston Invitational Swiss"]
[Site "Kingston-upon-Thames"]
[Date "2025.08.15"]
[Round "7.23"]
[White "Eckert, Jonathan"]
[Black "Young, Daniel J"]
[Result "0-1"]
[WhiteElo "1770"]
[BlackElo "1958"]
[PlyCount "76"]
[EventDate "2025.08.12"]
[EventType "swiss"]
[EventRounds "9"]
[EventCountry "ENG"]

1. e4 c5 2. Nc3 g6 3. f4 Bg7 4. Nf3 Nc6 5. Bb5 Nd4 6. O-O Nxb5 7. Nxb5 d5 8. exd5 a6 9. Nc3 Nf6 10. d4 Nxd5 11. dxc5 Nxc3 12. Qxd8+ Kxd8 13. bxc3 Bxc3 14. Rb1 Kc7 15. Rb3 Bf6 16. Ne5 Be6 17. Rb6 Bxa2 18. Be3 Bxe5 19. fxe5 Rhd8 20. Rb2 Bd5 21. Rfb1 Rd7 22. c4 Be4 23. Rc1 e6 24. Bd2 a5 25. Ra1 a4 26. Bb4 Rd4 27. c6 Bxc6 28. Bd6+ Rxd6 29. exd6+ Kxd6 30. Kf2 Kc5 31. Rc1 Rd8 32. Ke3 e5 33. g3 f5 34. Rd2 f4+ 35. Ke2 f3+ 36. Ke3 Rxd2 37. Kxd2 Kd4 38. Ke1 e4 0-1

[Event "Kingston Invitational Swiss"]
[Site "Kingston-upon-Thames"]
[Date "2025.08.15"]
[Round "7.24"]
[White "Cowan, Xavier"]
[Black "Adams, Mark A"]
[Result "1-0"]
[WhiteElo "1854"]
[BlackElo "1912"]
[PlyCount "101"]
[EventDate "2025.08.12"]
[EventType "swiss"]
[EventRounds "9"]
[EventCountry "ENG"]

1. d4 Nf6 2. c4 e6 3. Nc3 Bb4 4. e3 b6 5. Nf3 Bb7 6. Bd3 Ne4 7. Qc2 f5 8. a3 Bxc3+ 9. bxc3 O-O 10. a4 d6 11. d5 exd5 12. cxd5 Bxd5 13. c4 Bb7 14. Nd4 Qe7 15. c5 Nxc5 16. Bxf5 Be4 17. Bxe4 Qxe4 18. Qxe4 Nxe4 19. Ne6 Rf7 20. f3 Nc5 21. Nxc5 dxc5 22. Bb2 Rd7 23. Ke2 Nc6 24. Rhd1 Rad8 25. Rxd7 Rxd7 26. f4 g6 27. g4 Kf7 28. Rc1 Ke6 29. e4 Nd4+ 30. Ke3 Nc6 31. f5+ gxf5 32. gxf5+ Ke7 33. Rg1 Nd4 34. Rg7+ Ke8 35. Rxd7 Kxd7 36. Kf4 a6 37. e5 Ne2+ 38. Ke4 c4 39. Ke3 Ng1 40. h4 c5 41. Ba3 c3 42. a5 b5 43. Bxc5 c2 44. Ba3 b4 45. Bb2 h5 46. e6+ Ke7 47. Bc1 Kf6 48. Kf2 Nh3+ 49. Kg2 Kxf5 50. e7 Nf4+ 51. Kf3 1-0

[Event "Kingston Invitational Swiss"]
[Site "Kingston-upon-Thames"]
[Date "2025.08.15"]
[Round "7.25"]
[White "Lin, William"]
[Black "Bhatia, Jai"]
[Result "1/2-1/2"]
[WhiteElo "1678"]
[BlackElo "1708"]
[PlyCount "87"]
[EventDate "2025.08.12"]
[EventType "swiss"]
[EventRounds "9"]
[EventCountry "ENG"]

1. e4 e5 2. Nf3 Nc6 3. Bc4 Nf6 4. d3 Bc5 5. Nc3 d6 6. h3 h6 7. O-O O-O 8. Be3 Bb6 9. d4 exd4 10. Nxd4 Bd7 11. Re1 Re8 12. f3 Ba5 13. Nxc6 Bxc6 14. Re2 Bxc3 15. bxc3 d5 16. exd5 Bxd5 17. Bd3 Qd6 18. Qd2 Qg3 19. Rae1 Qd6 20. c4 Bc6 21. c5 Qd7 22. c3 Rad8 23. Bd4 Nh7 24. Qc2 Ng5 25. Bf5 Qd5 26. Re5 Rxe5 27. Bxe5 Qxc5+ 28. Bd4 Qa5 29. Re5 Rd5 30. f4 Rxe5 31. Bxe5 Be8 32. Qe2 Ne6 33. Qh5 Qc5+ 34. Bd4 Qe7 35. Bxe6 Qxe6 36. f5 Qe1+ 37. Kh2 f6 38. Qg4 Qe7 39. Qg3 b6 40. Be3 Kh8 41. Bf4 c5 42. Bd6 Qd7 43. Qd3 Bf7 44. a4 1/2-1/2

[Event "Kingston Invitational Swiss"]
[Site "Kingston-upon-Thames"]
[Date "2025.08.15"]
[Round "8.1"]
[White "Hawksworth, John C"]
[Black "Grave, Jacob Templen"]
[Result "1/2-1/2"]
[WhiteElo "2351"]
[BlackElo "2366"]
[PlyCount "125"]
[EventDate "2025.08.12"]
[EventType "swiss"]
[EventRounds "9"]
[EventCountry "ENG"]

1. d4 d5 2. c4 e6 3. Nc3 Nf6 4. Nf3 Nbd7 5. e3 c6 6. Qc2 Bd6 7. Bd3 O-O 8. O-O dxc4 9. Bxc4 b5 10. Bd3 Bb7 11. h3 b4 12. Ne4 Nxe4 13. Bxe4 Nf6 14. Bd3 c5 15. dxc5 Rc8 16. e4 Rxc5 17. Qe2 Qa8 18. Re1 Rfc8 19. Be3 R5c7 20. Nd4 a6 21. f3 Nh5 22. Qd2 Rd7 23. g4 Nf4 24. Bxf4 Bxf4 25. Qxf4 Rxd4 26. Rad1 Qa7 27. Kg2 h6 28. Kg3 Rcd8 29. Qe3 Qb8+ 30. Kg2 Qe5 31. b3 h5 32. Be2 h4 33. Qf2 g5 34. Rxd4 Rxd4 35. Rd1 Rxd1 36. Bxd1 Kg7 37. Be2 Kf6 38. Bf1 a5 39. Kh1 Qc3 40. Kg2 Qa1 41. Qb6 Qxa2+ 42. Kg1 Qxb3 43. Qxb7 Qe3+ 44. Kg2 Qd2+ 45. Kg1 Qd4+ 46. Kg2 Qd6 47. Kf2 a4 48. e5+ Kxe5 49. Qb5+ Kf6 50. Qxa4 Qg3+ 51. Ke2 Qe5+ 52. Kf2 Qc3 53. Qd1 Kg7 54. Bd3 b3 55. Bb1 b2 56. Qd3 Qe5 57. Qe4 Qg3+ 58. Ke2 Qxh3 59. Qe5+ Kf8 60. Qb8+ Ke7 61. Qb7+ Ke8 62. Qb8+ Ke7 63. Ke1 1/2-1/2

[Event "Kingston Invitational Swiss"]
[Site "Kingston-upon-Thames"]
[Date "2025.08.15"]
[Round "8.2"]
[White "Verma, Aditya"]
[Black "Lund, Gunnar"]
[Result "0-1"]
[WhiteElo "2093"]
[BlackElo "2326"]
[PlyCount "70"]
[EventDate "2025.08.12"]
[EventType "swiss"]
[EventRounds "9"]
[EventCountry "ENG"]

1. e4 c5 2. Nf3 d6 3. d4 cxd4 4. Nxd4 Nf6 5. Nc3 Nc6 6. Bg5 e6 7. Qd2 a6 8. O-O-O Bd7 9. f4 Be7 10. Nf3 b5 11. e5 b4 12. exf6 bxc3 13. Qxc3 gxf6 14. Bh4 Rg8 15. Qd3 Rb8 16. Qxh7 Rf8 17. Be1 f5 18. Bh4 Qb6 19. b3 Qa5 20. Bxe7 Qa3+ 21. Kd2 Nxe7 22. Bd3 Nd5 23. Qh4 Qa5+ 24. Ke2 Nc3+ 25. Ke3 Qc5+ 26. Kd2 Nxd1 27. Rxd1 Bb5 28. c4 Bc6 29. Ne1 Qa5+ 30. Ke3 Qxa2 31. Bc2 Be4 32. Bxe4 fxe4 33. Rxd6 Rxb3+ 34. Kxe4 Qe2+ 35. Kd4 Qe3# 0-1

[Event "Kingston Invitational Swiss"]
[Site "Kingston-upon-Thames"]
[Date "2025.08.15"]
[Round "8.3"]
[White "Rushbrooke, Remy"]
[Black "Kothari, Jai"]
[Result "1/2-1/2"]
[WhiteElo "2090"]
[BlackElo "2051"]
[PlyCount "65"]
[EventDate "2025.08.12"]
[EventType "swiss"]
[EventRounds "9"]
[EventCountry "ENG"]

1. Nf3 c5 2. c4 d6 3. Nc3 g6 4. g3 Bg7 5. Bg2 Nc6 6. d3 e5 7. Nd2 Nge7 8. Nf1 Nf5 9. Ne3 Nxe3 10. Bxe3 O-O 11. O-O Be6 12. Rb1 f5 13. Nd5 Bxd5 14. Bxd5+ Kh8 15. Bd2 a5 16. Qa4 Qc8 17. e3 f4 18. exf4 exf4 19. Bxf4 Rxf4 20. gxf4 Qg4+ 21. Kh1 Qxf4 22. Rg1 Be5 23. Rg2 Nd4 24. Qd1 Rf8 25. Be4 Nf3 26. Bxf3 Qxf3 27. b3 Qh3 28. f4 Rxf4 29. Qe2 Qf5 30. Rd1 Kg7 31. Re1 b6 32. Reg1 Kh8 33. Rd1 1/2-1/2

[Event "Kingston Invitational Swiss"]
[Site "Kingston-upon-Thames"]
[Date "2025.08.15"]
[Round "8.4"]
[White "Achour, Mohamed Anis"]
[Black "Lalic, Susan K"]
[Result "1/2-1/2"]
[WhiteElo "2126"]
[BlackElo "2204"]
[PlyCount "35"]
[EventDate "2025.08.12"]
[EventType "swiss"]
[EventRounds "9"]
[EventCountry "ENG"]

1. d4 e6 2. c4 Bb4+ 3. Bd2 Bxd2+ 4. Qxd2 Nf6 5. Nc3 d6 6. Nf3 Nbd7 7. e3 O-O 8. Bd3 e5 9. O-O Qe7 10. Qc2 Re8 11. Ng5 h6 12. Nge4 Nxe4 13. Bxe4 Nf6 14. Bf5 e4 15. Bxc8 Raxc8 16. b4 c6 17. Qb3 Qd7 18. h3 1/2-1/2

[Event "Kingston Invitational Swiss"]
[Site "Kingston-upon-Thames"]
[Date "2025.08.15"]
[Round "8.5"]
[White "Rudzinska, Michalina"]
[Black "Josse, Mark"]
[Result "1-0"]
[WhiteElo "2200"]
[BlackElo "2113"]
[PlyCount "119"]
[EventDate "2025.08.12"]
[EventType "swiss"]
[EventRounds "9"]
[EventCountry "ENG"]

1. e4 c5 2. Nf3 e6 3. d4 cxd4 4. Nxd4 a6 5. Bd3 Bc5 6. Nb3 Ba7 7. Qe2 Nc6 8. Be3 d6 9. Nc3 Nf6 10. O-O-O Bxe3+ 11. Qxe3 e5 12. Bc4 Qc7 13. Qd2 b5 14. Nd5 Nxd5 15. Bxd5 O-O 16. Rhe1 Rd8 17. Re3 Bb7 18. Rf3 Rd7 19. Kb1 Rc8 20. Rg3 Nd8 21. Rc3 Qb8 22. Rd3 Bxd5 23. Rxd5 Nb7 24. Rxe5 Rdc7 25. Rg5 Rxc2 26. Qe3 Qc7 27. Rgd5 h6 28. R5d3 b4 29. Nd4 Rc4 30. Ne2 a5 31. Rc1 a4 32. Rdd1 Rxc1+ 33. Rxc1 Nc5 34. Nd4 Re8 35. f3 Qe7 36. Rc4 Qb7 37. Nf5 Re6 38. Qd4 Rg6 39. Nxd6 Qd7 40. Rxc5 Rxd6 41. Rd5 Rxd5 42. exd5 Qd6 43. g3 g5 44. Kc2 h5 45. Kd3 Qa6+ 46. Qc4 Qg6+ 47. Ke3 Qb6+ 48. Qd4 Qd6 49. f4 gxf4+ 50. gxf4 Qg6 51. Qxb4 Qg1+ 52. Ke4 Qxh2 53. d6 Qc2+ 54. Ke5 Qe2+ 55. Kd5 Qf3+ 56. Kc5 Qe3+ 57. Kc6 Qe6 58. Kc7 Qe2 59. d7 Qc2+ 60. Qc3 1-0

[Event "Kingston Invitational Swiss"]
[Site "Kingston-upon-Thames"]
[Date "2025.08.15"]
[Round "8.6"]
[White "Bates, Caspar J"]
[Black "Villiers, Thomas"]
[Result "0-1"]
[WhiteElo "2010"]
[BlackElo "2156"]
[PlyCount "49"]
[EventDate "2025.08.12"]
[EventType "swiss"]
[EventRounds "9"]
[EventCountry "ENG"]

1. Nf3 d5 2. e3 g6 3. c4 c6 4. b3 Bg7 5. d4 Nf6 6. Nbd2 O-O 7. Be2 Nbd7 8. Bb2 b6 9. O-O Bb7 10. Rc1 Rc8 11. Rc2 c5 12. Qa1 cxd4 13. Bxd4 dxc4 14. Rxc4 Rxc4 15. Bxc4 Qa8 16. Rc1 Bh6 17. Bf1 Rd8 18. Qb2 Nd5 19. Kh1 Nf8 20. Qb1 Nf6 21. h3 Ne4 22. Kg1 Nxd2 23. Nxd2 Rxd4 24. exd4 Bxd2 25. Rc2 0-1

[Event "Kingston Invitational Swiss"]
[Site "Kingston-upon-Thames"]
[Date "2025.08.15"]
[Round "8.7"]
[White "Armstrong, Alastair"]
[Black "Makepeace, Philip J"]
[Result "0-1"]
[WhiteElo "2108"]
[BlackElo "2081"]
[PlyCount "98"]
[EventDate "2025.08.12"]
[EventType "swiss"]
[EventRounds "9"]
[EventCountry "ENG"]

1. e4 c6 2. Nc3 d5 3. Nf3 Bg4 4. Be2 e6 5. d4 Nf6 6. e5 Nfd7 7. Ng5 Bxe2 8. Qxe2 Be7 9. Qh5 Bxg5 10. Bxg5 Qb6 11. O-O-O c5 12. Be3 c4 13. Qg5 O-O 14. h4 f6 15. exf6 Nxf6 16. h5 Nbd7 17. g4 Qc6 18. Qh4 b5 19. g5 Ne8 20. Ne2 c3 21. b3 a5 22. Rd3 b4 23. a4 bxa3 24. Rxc3 Qd6 25. Kb1 a4 26. Ka2 axb3+ 27. cxb3 Qa6 28. Nf4 e5 29. dxe5 d4 30. Rc2 dxe3 31. e6 Nc5 32. e7 Rf5 33. fxe3 Qb7 34. Rb1 Qxe7 35. Qh1 Qe4 36. Qxe4 Nxe4 37. g6 N4f6 38. gxh7+ Kxh7 39. Rh1 Ng4 40. Rh3 Nxe3 41. Rxe3 Rxf4 42. Re7 Rh4 43. Rce2 Nf6 44. h6 Kxh6 45. Rg2 Rg4 46. Rh2+ Kg6 47. Rb7 Nd5 48. Rh1 Nc3+ 49. Ka1 Rg2 0-1

[Event "Kingston Invitational Swiss"]
[Site "Kingston-upon-Thames"]
[Date "2025.08.15"]
[Round "8.8"]
[White "Rudd, Jack"]
[Black "Bashylina, Luisa"]
[Result "1-0"]
[WhiteElo "2259"]
[BlackElo "2085"]
[PlyCount "141"]
[EventDate "2025.08.12"]
[EventType "swiss"]
[EventRounds "9"]
[EventCountry "ENG"]

1. d4 d5 2. c4 c6 3. Nf3 Nf6 4. Nc3 e6 5. Bg5 Be7 6. e3 Nbd7 7. cxd5 Nxd5 8. Bxe7 Qxe7 9. Bd3 O-O 10. O-O h6 11. Re1 b6 12. e4 Nxc3 13. bxc3 Bb7 14. a4 Rac8 15. a5 c5 16. d5 c4 17. Bc2 exd5 18. exd5 Qd6 19. Nd4 Rc5 20. axb6 Nxb6 21. Rxa7 Bxd5 22. Qg4 Qf6 23. h4 Nc8 24. Rd7 Ba8 25. Re3 Re5 26. Rxe5 Qxe5 27. Nf5 Qe1+ 28. Kh2 Qe5+ 29. Qg3 Qxg3+ 30. Kxg3 Nb6 31. Rd4 h5 32. Ne7+ Kh8 33. Rf4 Nd7 34. Rxc4 g6 35. Rc7 Rd8 36. Nc6 Rf8 37. f3 Kg7 38. Nd4 Rd8 39. Ba4 Nf8 40. Bb3 Bd5 41. c4 Ba8 42. c5 Bd5 43. Nc6 Bxc6 44. Rxc6 Rd3 45. Bc4 Rc3 46. Bd5 Nd7 47. Rc7 Nxc5 48. Rxf7+ Kh6 49. Re7 g5 50. hxg5+ Kxg5 51. Re5+ Kg6 52. Kh4 Rc1 53. Rg5+ Kf6 54. Rxh5 Nd3 55. Kg3 Rc2 56. Rh6+ Kg5 57. Rh8 Ne1 58. f4+ Kf6 59. Re8 Rc3+ 60. Kg4 Nc2 61. Re6+ Kg7 62. Be4 Ne3+ 63. Kg5 Kf7 64. Rc6 Ra3 65. g4 Ra5+ 66. f5 Kg7 67. Rc3 Nf1 68. Rc7+ Kf8 69. Kf6 Ra6+ 70. Bc6 Kg8 71. g5 1-0

[Event "Kingston Invitational Swiss"]
[Site "Kingston-upon-Thames"]
[Date "2025.08.15"]
[Round "8.9"]
[White "Agrawal, Shivam"]
[Black "Xian, Junhao"]
[Result "0-1"]
[WhiteElo "2047"]
[BlackElo "2159"]
[PlyCount "68"]
[EventDate "2025.08.12"]
[EventType "swiss"]
[EventRounds "9"]
[EventCountry "ENG"]

1. d4 f5 2. Nf3 Nf6 3. c4 g6 4. Nc3 Bg7 5. g3 O-O 6. Bg2 d6 7. O-O c6 8. Qd3 Na6 9. a3 Qe8 10. Bf4 h6 11. h4 Ng4 12. d5 Nc5 13. Qc2 Bd7 14. e3 Rc8 15. Nd4 cxd5 16. cxd5 b5 17. Qe2 a5 18. Ndxb5 Na4 19. Rac1 Nxc3 20. Nxc3 g5 21. hxg5 Qh5 22. Rfd1 hxg5 23. Nb5 gxf4 24. exf4 Bxb5 25. Qxb5 Rb8 26. Qxa5 Rxb2 27. Rd2 Rfb8 28. Bf3 Qh2+ 29. Kf1 Rxd2 30. Qxd2 Rb2 31. Rc2 Rb1+ 32. Bd1 Qh1+ 33. Ke2 Qe4+ 34. Kf1 Nh2+ 0-1

[Event "Kingston Invitational Swiss"]
[Site "Kingston-upon-Thames"]
[Date "2025.08.15"]
[Round "8.10"]
[White "Osborne, Marcus E"]
[Black "McMichael, Richard J"]
[Result "0-1"]
[WhiteElo "2142"]
[BlackElo "2112"]
[PlyCount "156"]
[EventDate "2025.08.12"]
[EventType "swiss"]
[EventRounds "9"]
[EventCountry "ENG"]

1. Nf3 e6 2. c4 b6 3. g3 Bb7 4. Bg2 f5 5. O-O Nf6 6. Nc3 Bb4 7. Qc2 O-O 8. a3 Bxc3 9. Qxc3 d6 10. b4 Nbd7 11. Nd4 Bxg2 12. Kxg2 Qe8 13. Qe3 Ne5 14. f4 Nfg4 15. Qc3 Nd7 16. Bb2 Ndf6 17. h3 Ne4 18. Qc2 Nh6 19. d3 Nf6 20. b5 Qg6 21. Nc6 Rf7 22. Rf3 Kh8 23. a4 a5 24. bxa6 Rxa6 25. Qb3 Rf8 26. Qb5 Rfa8 27. Bc3 Qe8 28. Re3 Nd7 29. Qb2 Qf7 30. Nd4 Nc5 31. Qc2 Ng8 32. Bb4 Qd7 33. Bxc5 dxc5 34. Nf3 Nf6 35. Qb2 h6 36. Qe5 Rxa4 37. Rxa4 Qxa4 38. Nh2 Qd1 39. Rf3 Ne8 40. Qxe6 Nd6 41. Rf1 Qc2 42. Qd5 Re8 43. Rf2 Rxe2 44. Rxe2 Qxe2+ 45. Kh1 Kh7 46. Kg1 Qe3+ 47. Kg2 g5 48. fxg5 hxg5 49. Nf3 Kg7 50. g4 Kf6 51. gxf5 Nxf5 52. Qc6+ Nd6 53. Qxc7 Qe2+ 54. Kg1 Qxd3 55. Qd8+ Ke6 56. Nxg5+ Kf5 57. h4 Kg4 58. Qe7 Nf5 59. Ne4 Qe3+ 60. Nf2+ Kf3 61. Qb7+ Ke2 62. Qg2 Ng3 63. h5 Ke1 64. h6 Ne2+ 65. Kh1 Qxh6+ 66. Nh3 Qe3 67. Kh2 Qe5+ 68. Kh1 Qg3 69. Ng5 Qxg2+ 70. Kxg2 Kd2 71. Ne4+ Kd3 72. Nd6 Nc3 73. Kf3 Na4 74. Kf4 Nb2 75. Kf3 Nxc4 76. Nb5 Nd2+ 77. Kf2 c4 78. Ke1 c3 0-1

[Event "Kingston Invitational Swiss"]
[Site "Kingston-upon-Thames"]
[Date "2025.08.15"]
[Round "8.11"]
[White "Wilson, Ewan"]
[Black "Healey, Michael W"]
[Result "0-1"]
[WhiteElo "2020"]
[BlackElo "2135"]
[PlyCount "80"]
[EventDate "2025.08.12"]
[EventType "swiss"]
[EventRounds "9"]
[EventCountry "ENG"]

1. e4 c5 2. Nf3 e6 3. c3 Nf6 4. e5 Nd5 5. g3 b6 6. Bg2 Ba6 7. d3 Nc6 8. O-O Be7 9. Re1 O-O 10. Na3 f6 11. Nc4 Rc8 12. exf6 gxf6 13. Bh6 Rf7 14. Nfd2 Nc7 15. Bf3 Bf8 16. Bh5 Bxh6 17. Bxf7+ Kxf7 18. Nd6+ Kg7 19. Nxc8 Bxc8 20. f4 Bb7 21. Nf3 Kh8 22. Nh4 Qg8 23. Kf2 Ne7 24. Rg1 Ng6 25. Qa4 Bc6 26. Qxa7 Nd5 27. Nf3 Qd8 28. d4 Bf8 29. f5 Nge7 30. fxe6 Nc8 31. Qa6 dxe6 32. Qe2 Nc7 33. a4 Nd6 34. dxc5 Ne4+ 35. Kg2 Bxc5 36. Rgd1 Qg8 37. Kh3 Nf2+ 38. Kg2 Nxd1 39. Qxd1 Nd5 40. Qd2 Ne3+ 0-1

[Event "Kingston Invitational Swiss"]
[Site "Kingston-upon-Thames"]
[Date "2025.08.15"]
[Round "8.12"]
[White "Frostick, Clive A"]
[Black "Verma, Shlok"]
[Result "1/2-1/2"]
[WhiteElo "2095"]
[BlackElo "2076"]
[PlyCount "50"]
[EventDate "2025.08.12"]
[EventType "swiss"]
[EventRounds "9"]
[EventCountry "ENG"]

1. e4 e6 2. Nf3 d5 3. Nc3 Nf6 4. e5 Nfd7 5. d4 c5 6. dxc5 Bxc5 7. Bd3 Nc6 8. Bf4 h6 9. h4 Bb4 10. Kf1 a6 11. Ne2 Qc7 12. c4 dxc4 13. Bxc4 b5 14. Bd3 Bb7 15. Be4 Ne7 16. Rc1 Qb8 17. Bxb7 Qxb7 18. Qd4 Nd5 19. Rh3 Rc8 20. Rg3 g6 21. Bd2 Rxc1+ 22. Nxc1 Be7 23. Ne2 Qb6 24. Qe4 Nc5 25. Qc2 Qc7 1/2-1/2

[Event "Kingston Invitational Swiss"]
[Site "Kingston-upon-Thames"]
[Date "2025.08.15"]
[Round "8.13"]
[White "Claverie, Raul"]
[Black "Taylor, William J"]
[Result "1-0"]
[WhiteElo "2180"]
[BlackElo "1985"]
[PlyCount "57"]
[EventDate "2025.08.12"]
[EventType "swiss"]
[EventRounds "9"]
[EventCountry "ENG"]

1. e4 e5 2. Bc4 Nf6 3. d3 c6 4. Nf3 d5 5. Bb3 Bb4+ 6. c3 Bd6 7. Nbd2 O-O 8. O-O Be6 9. Re1 Nbd7 10. h3 h6 11. Nf1 Re8 12. Ng3 Qc7 13. Nh4 Rad8 14. Qf3 Bf8 15. Nhf5 Kh7 16. Bc2 dxe4 17. Nxe4 Nxe4 18. Qxe4 Nc5 19. Qf3 Qd7 20. Nxg7 Kxg7 21. Bxh6+ Kxh6 22. Qf6+ Kh7 23. Rxe5 Bg7 24. d4+ Kh8 25. Rh5+ Kg8 26. Rg5 Kf8 27. Rxg7 Qe7 28. Qh6 Qd6 29. Qg5 1-0

[Event "Kingston Invitational Swiss"]
[Site "Kingston-upon-Thames"]
[Date "2025.08.15"]
[Round "8.14"]
[White "Han, Qixiang"]
[Black "Farrand, Tom"]
[Result "1-0"]
[WhiteElo "2070"]
[BlackElo "2077"]
[PlyCount "103"]
[EventDate "2025.08.12"]
[EventType "swiss"]
[EventRounds "9"]
[EventCountry "ENG"]

1. d4 e6 2. c4 f5 3. a3 Nf6 4. Nc3 Be7 5. Nf3 d6 6. Bf4 O-O 7. h3 Ne4 8. e3 Nxc3 9. bxc3 Bf6 10. Be2 Nc6 11. Bh2 Qe7 12. O-O e5 13. Nd2 Kh8 14. Nb3 b6 15. a4 a5 16. Bf3 e4 17. Be2 Qf7 18. Nd2 Bd7 19. Qc2 Rae8 20. Rae1 Bg5 21. Kh1 Qg6 22. g3 Qh6 23. h4 Bd8 24. Kg2 Qg6 25. Qd1 Qh6 26. Rh1 g5 27. hxg5 Bxg5 28. g4 Qg7 29. Bg3 f4 30. exf4 Bxf4 31. Ref1 Bxd2 32. Qxd2 Bxg4 33. Rh4 Bf3+ 34. Kh2 Rf6 35. Bxf3 exf3 36. Re1 Rfe6 37. Rxe6 Rxe6 38. Qf4 Rf6 39. Qe4 Ne7 40. Rg4 Rh6+ 41. Kg1 Qf7 42. c5 Re6 43. Qa8+ Ng8 44. Re4 Rg6 45. cxd6 cxd6 46. Re3 d5 47. Re5 Qf4 48. Kf1 Rxg3 49. fxg3 Qxg3 50. Qf8 Qg2+ 51. Ke1 f2+ 52. Qxf2 1-0

[Event "Kingston Invitational Swiss"]
[Site "Kingston-upon-Thames"]
[Date "2025.08.15"]
[Round "8.15"]
[White "Rice, Chris B"]
[Black "Keane, Graham D J"]
[Result "0-1"]
[WhiteElo "1926"]
[BlackElo "2146"]
[PlyCount "54"]
[EventDate "2025.08.12"]
[EventType "swiss"]
[EventRounds "9"]
[EventCountry "ENG"]

1. d4 d6 2. Nf3 Nf6 3. c4 Nbd7 4. Nc3 e5 5. e4 Be7 6. Be2 c6 7. O-O O-O 8. h3 a6 9. Qc2 Re8 10. Be3 Qc7 11. Rac1 b5 12. a3 Bf8 13. d5 cxd5 14. cxd5 Qb8 15. Nd2 Nb6 16. Na2 Bd7 17. Qb3 Qb7 18. Rfd1 Rec8 19. f3 Be7 20. Nb4 Rab8 21. Kf2 Bd8 22. Nb1 Nc4 23. Bg5 Qa7+ 24. Kg3 Nh5+ 25. Kh4 Qf2+ 26. Kxh5 g6+ 27. Kh6 Bxg5+ 0-1

[Event "Kingston Invitational Swiss"]
[Site "Kingston-upon-Thames"]
[Date "2025.08.15"]
[Round "8.16"]
[White "Young, Daniel J"]
[Black "Eames, Robert S"]
[Result "0-1"]
[WhiteElo "1958"]
[BlackElo "2136"]
[PlyCount "82"]
[EventDate "2025.08.12"]
[EventType "swiss"]
[EventRounds "9"]
[EventCountry "ENG"]

1. Nf3 Nf6 2. c4 c5 3. g3 d5 4. cxd5 Nxd5 5. Nc3 Nc6 6. Bg2 Nc7 7. O-O e5 8. a3 Rb8 9. Rb1 a5 10. a4 Be6 11. d3 f6 12. Nd2 Qd7 13. Nc4 b6 14. f4 Bh3 15. fxe5 Bxg2 16. Kxg2 fxe5 17. Ne4 Nd5 18. Rf2 Be7 19. Qf1 Qe6 20. Ng5 Bxg5 21. Bxg5 h6 22. Bd2 Nf6 23. Bc3 O-O 24. Rf5 Ng4 25. e4 g6 26. Rxf8+ Rxf8 27. Qe2 Rf2+ 28. Qxf2 Nxf2 29. Kxf2 Nd4 30. Rf1 h5 31. Kg2 h4 32. Rf2 h3+ 33. Kg1 Qg4 34. Nxe5 Qd1+ 35. Rf1 Ne2+ 36. Kf2 Qc2 37. Ke3 Nxc3 38. bxc3 Qxh2 39. Nf3 Qc2 40. Rh1 Qxc3 41. Rxh3 c4 0-1